Operations management problems and models

Bibliographic Details
Main Author: Buffa, Elwood Spencer 1923
Format: Book
Language:English
Published: New York Wiley 1963
Series:Wiley series in management and administration
Subjects:
LEADER 00773cam a2200217 a 4500
001 0000134371
005 20121003090000.0
040 |a mod 
041 |a eng 
020 |a 0471118680 
090 0 0 |a BUF  |e 1972 
100 1 |a Buffa, Elwood Spencer  |d 1923 
245 1 0 |a Operations management  |b problems and models  |c Elwood S. Buffa 
260 |a New York  |b Wiley  |c 1963 
300 |a xiii, 762p.  |b ill.  |c 24 cm 
490 0 |a Wiley series in management and administration 
500 |a First ed. published in 1963 under title: Models for production and operations management 
504 |a Includes bibliographical references and index 
650 0 0 |a Industrial management  |x Mathemathical models 
852 0 0 |a 01 
999 |a B000020215  |b KDSI LUMUT  |d BOOKS  |e Umum  |f Other Branches  |j AVAILABLE  |q GOOD CONDITION